Culture Générale - Série 509 - Statistiques

Statistiques générales
  • Ce quiz a été pris 204 fois
  • Le résultat moyen est 6 sur 10
Statistiques - réponses
Question Réponse % Correct
En argot, quelle est la signification du terme "grailler" ? Manger
90%
Quel est le prénom du fils chanteur de Julio Iglesias, né en 1975 ? Enrique
81%
Au tarot, quelle carte se situe entre le 10 et le cavalier ? valet
79%
En 2005, à quel chanteur doit-on le titre et l'album "Caravane" ? Raphaël
73%
Sur quelle place Gilbert Bécaud suit-il son guide Nathalie, dans sa chanson de 1964 ? Place Rouge
62%
De quel peuple indien Geronimo a-t-il été un grand chef ? Apaches
61%
En 1995, quel chanteur français de variétés enregistre "Caruso" de Lucio Dalla ? Florent Pagny
51%
Quel scientifique français a écrit "Volcans" en 1996 ? Haroun Tazieff
45%
Avec le saut et le ski cross, quelle est l'autre épreuve de ski acrobatique aux jeux Olympiques ? Les bosses
26%
Quel mot désigne à la fois un arbre et un petit gâteau plat en pâte feuilletée ? Palmier
20%
Aucun quiz correspondant
Distribution des résultats
% des personnes avec chaque résultat
Percentile par nombre de réponses
Votre historique - résultats
Vous n’avez pas pris ce quiz